Nibo Discography Quiz! - Statistics

General Stats
  • This quiz has been taken 20 times
  • The average score is 28 of 50
Answer Stats
Vanilla Cologne Answer % Correct
1 WE WALK AROUND (feat. krjstjnq, Lil Rango, Denis Drey Agbor Agbor, Payton Newlin & April Kondrat)
100%
6 80 MINUTES (feat. Kate Tucker)
75%
18 Boardwalk
75%
10 Cooper Kupp (feat. Lil Rango)
75%
1 Exquisite Fragrances
75%
5 I'll Never Let You Down (feat. Lil Rango)
75%
10 INTERNATIONAL WOMEN'S DAY (feat. Lil Rango, Coral Manint, Chrissy D & Aydan Emoji)
75%
15 I Walk Around
75%
18 KEY TO SHINING KEY (feat. Lil Rango)
75%
1 Number Crunching (feat. Addie Cummings & Meredith Nail)
75%
5 PICK SIX (feat. Syxthsense)
75%
6 Sisterhood (feat. Alethegreat)
75%
19 SYMPHONY NO. 19 (feat. Coral Manint)
75%
13 The Seven Seas (feat. Denis Drey Agbor Agbor & Grace Kellee)
75%
2 Walk
75%
12 Wall Hall (feat. Grace Kellee)
75%
11 WATER WORKS (feat. $3B)
75%
9 White Wine
75%
13 WINGS (feat. Payton Newlin)
75%
11 Yogurt (feat. Lil Rango)
75%
12 You Gotta Bounce (feat. Lil Rango)
75%
20 CURTAIN CALL (feat. Katelyn Kennedy & Alexa Hamilton)
50%
10 Dirty Dishes (feat. Aydan Emoji)
50%
17 FRUIT PUNCH (feat. Payton Newlin)
50%
8 GOING HOME
50%
12 I AM A CHILD (feat. Brenna Cockerill)
50%
7 Je Ne Sais Quoi
50%
4 LANA DEL REY
50%
2 MY MIND (feat. Aydan Emoji)
50%
5 N.I.B.O. (feat. Katelyn Glover)
50%
17 Park Place
50%
6 Perpetual Emotion (feat. Lil Rango, Katelyn Glover & Denis Drey Agbor Agbor)
50%
7 ROUND TRIP! (feat. Vee Ragas, Sydney Carroccio, Kristen Pareti & $3B)
50%
7 Shine (feat. $3B)
50%
3 SUPERNOVA (feat. LIl Rango)
50%
4 The Law of Serenity (feat. DENISDREYY)
50%
2 The Manager
50%
9 THE ROSE (feat. Louis Li & krjstjnq)
50%
3 We Not the Same
50%
3 Eccentric Scents
25%
8 Free Parking (feat. Lil Rango)
25%
16 Grand Slam (feat. Grace Coleman & Lil Clip)
25%
14 HENNESSY (feat. Ivy Chen & April Kondrat)
25%
16 IT'S ALRIGHT (feat. JoBordeaux)
25%
14 Memories of Melodies
25%
9 Mr. Ice Cream Man (feat. Louis Li)
25%
8 New Orleans' Latest Anthem
25%
15 RELAX (feat. krjstjnq)
25%
11 The Gates of Wall
25%
4 Tuckered Out
25%
No matching quizzes found
Score Distribution
Percent of People with Each Score
Percentile by Number Answered
Your Score History
You have not taken this quiz